000298342 001__ 298342
000298342 005__ 20240928181014.0
000298342 0247_ $$aG:(GEPRIS)364877405$$d364877405
000298342 035__ $$aG:(GEPRIS)364877405
000298342 040__ $$aGEPRIS$$chttp://gepris.its.kfa-juelich.de
000298342 150__ $$aModulare Synthese von organischen Käfigen durch dynamisch-kovalente Chemie$$y2017 - 2022
000298342 371__ $$aProfessor Dr. Florian Beuerle
000298342 450__ $$aDFG project G:(GEPRIS)364877405$$wd$$y2017 - 2022
000298342 5101_ $$0I:(DE-588b)2007744-0$$aDeutsche Forschungsgemeinschaft$$bDFG
000298342 680__ $$aZiel dieses Projekts ist die modulare Synthese von kovalent-organischen Käfigverbindungen mit unterschiedlichen Größen, Formen und Funktionalisierungsgraden anhand einer rationalen und vorhersagbaren Design-Strategie. Mit Hilfe eines molekularen Baukasten-Systems sind dabei über geeignete Kombinationen verschiedener monomerer Bausteine integrative Architekturen zugänglich, welche aufgrund ihrer definierten Topologie und starren Struktur die präzise räumliche Anordnung von unterschiedlichen Funktionalitäten erlauben. Als primäre synthetische Werkzeuge sollen dabei sowohl entsprechende Funktionalisierungen an den niedermolekularen Vorstufen als auch post-synthetische Modifikationen an den Käfigen dienen. Der Einbau von reaktiven Positionen im Inneren der Käfige führt zur Bildung von maßgeschneiderten Koordinationsumgebungen, die für spezifische Interaktionen mit geeigneten Gastmolekülen ausgenutzt werden sollen beziehungsweise den templat-gesteuerten Aufbau der Käfige ermöglichen. Andererseits kann durch das exohedrale Anbringen von reaktiven Gruppen eine gezielte Quervernetzung von Käfigen als komplexe Monomer-Einheiten erreicht werden, wodurch eine bessere Kontrolle über die dreidimensionale Anordnung im Festkörper ermöglicht wird.
000298342 909CO $$ooai:juser.fz-juelich.de:965085$$pauthority$$pauthority:GRANT
000298342 909CO $$ooai:juser.fz-juelich.de:965085
000298342 980__ $$aG
000298342 980__ $$aAUTHORITY